Poistenie právnej ochrany
Poistenie právnej ochrany dáva poisteným možnosť kvalitného právneho zastúpenia za relatívne nízku cenu. Jeho úlohou je odstrániť alebo zmierniť nepriaznivé dôsledky náhodných udalostí, ktorými sú neočakávané právne spory a s nimi súvisiace náklady. Vymedzenie poistenia právnej ochrany podľa Občians...
Salvato in:
| Autore principale: | |
|---|---|
| Natura: | Capitolo di libro |
| Lingua: | slovacco |
| Soggetti: | |
| Tags: |
Nessun Tag, puoi essere il primo ad aggiungerne!!
|
MARC
| LEADER | 00000naa$a2200000$$$4500 | ||
|---|---|---|---|
| 001 | 0030692 | ||
| 005 | 20240502071436.2 | ||
| 041 | 0 | |a slo | |
| 044 | |a SK | ||
| 245 | 1 | 0 | |a Poistenie právnej ochrany |c Dana Palacková |
| 520 | |a Poistenie právnej ochrany dáva poisteným možnosť kvalitného právneho zastúpenia za relatívne nízku cenu. Jeho úlohou je odstrániť alebo zmierniť nepriaznivé dôsledky náhodných udalostí, ktorými sú neočakávané právne spory a s nimi súvisiace náklady. Vymedzenie poistenia právnej ochrany podľa Občianskeho zákonníka. Poistenie právnej ochrany sa týka aj bežných záležitostí, napr. nákupy tovarov a služieb, či pracovno-právne vzťahy. | ||
| 610 | 2 | 0 | |a ochrana právna |
| 610 | 2 | 0 | |a ochrana práv občanov |
| 610 | 2 | 0 | |a poistenie |
| 610 | 2 | 0 | |a zákonník občiansky |
| 100 | 1 | |a Palacková, Dana | |